MARC details
| 000 -LEADER |
| fixed length control field |
02329nam a2200253 a 4500 |
| 008 - FIXED-LENGTH DATA ELEMENTS--GENERAL INFORMATION |
| fixed length control field |
180618s9999 ||||||||||||||||| || u |
| 050 ## - LIBRARY OF CONGRESS CALL NUMBER |
| Classification number |
CTA(08)PGS/8A |
| 110 ## - MAIN ENTRY--CORPORATE NAME |
| Corporate name or jurisdiction name as entry element |
Technical Centre for Agricultural and Rural Cooperation (CTA) |
| 245 10 - TITLE STATEMENT |
| Title |
Preserving green leafy vegetables and fruits |
| Statement of responsibility, etc. |
by Technical Centre for Agricultural and Rural Cooperation (CTA) |
| 260 ## - PUBLICATION, DISTRIBUTION, ETC. |
| Place of publication, distribution, etc. |
Nairobi: |
| 300 ## - PHYSICAL DESCRIPTION |
| Extent |
6p.: ill. |
| 490 ## - |
| -- |
CTA Practical Guide Series, No. 8 |
| 650 ## - SUBJECT ADDED ENTRY--TOPICAL TERM |
| Topical term or geographic name entry element |
CANNING AND PRESERVING |
| 650 ## - SUBJECT ADDED ENTRY--TOPICAL TERM |
| Topical term or geographic name entry element |
FRUITS--PRESERVATION |
| 650 ## - SUBJECT ADDED ENTRY--TOPICAL TERM |
| Topical term or geographic name entry element |
VEGETABLES--PRESERVATION |
| 995 ## - |
| -- |
SPECIAL COLLECTIONS |
| -- |
3574 |
| -- |
CBU-MAIN LIBRARY (Kitwe) |
| -- |
CTA(08)PGS/8E |
| -- |
5 |
| -- |
AVAILABLE |
| -- |
Jun 18, 2018 |
| -- |
Technical Centre for Agriculture and Rural Cooperation |
| -- |
B3574 |
| -- |
University Collection |
| 995 ## - |
| -- |
SPECIAL COLLECTIONS |
| -- |
3576 |
| -- |
CBU-MAIN LIBRARY (Kitwe) |
| -- |
CTA(08)PGS/8G |
| -- |
7 |
| -- |
AVAILABLE |
| -- |
Jun 18, 2018 |
| -- |
Technical Centre for Agriculture and Rural Cooperation |
| -- |
B3576 |
| -- |
University Collection |
| 995 ## - |
| -- |
SPECIAL COLLECTIONS |
| -- |
3577 |
| -- |
CBU-MAIN LIBRARY (Kitwe) |
| -- |
CTA(08)PGS/8H |
| -- |
8 |
| -- |
AVAILABLE |
| -- |
Jun 18, 2018 |
| -- |
Technical Centre for Agriculture and Rural Cooperation |
| -- |
B3577 |
| -- |
University Collection |
| 995 ## - |
| -- |
KAPASA MAKASA LIBRARY OPEN ACCESS |
| -- |
3571 |
| -- |
CBU-KAPASA MAKASA LIBRARY (Chinsali) |
| -- |
CTA(08)PGS/8B |
| -- |
2 |
| -- |
AVAILABLE |
| -- |
Jun 18, 2018 |
| -- |
Technical Centre for Agriculture and Rural Cooperation |
| -- |
B3571 |
| -- |
Kapasa Makasa Library Open Acess Collection |
| 995 ## - |
| -- |
KAPASA MAKASA LIBRARY OPEN ACCESS |
| -- |
3570 |
| -- |
CBU-KAPASA MAKASA LIBRARY (Chinsali) |
| -- |
CTA(08)PGS/8A |
| -- |
1 |
| -- |
AVAILABLE |
| -- |
Jun 18, 2018 |
| -- |
Technical Centre for Agriculture and Rural Cooperation |
| -- |
B3570 |
| -- |
Kapasa Makasa Library Open Acess Collection |
| 995 ## - |
| -- |
KAPASA MAKASA LIBRARY OPEN ACCESS |
| -- |
3572 |
| -- |
CBU-KAPASA MAKASA LIBRARY (Chinsali) |
| -- |
CTA(08)PGS/8C |
| -- |
3 |
| -- |
AVAILABLE |
| -- |
Jun 18, 2018 |
| -- |
Technical Centre for Agriculture and Rural Cooperation |
| -- |
B3572 |
| -- |
Kapasa Makasa Library Open Acess Collection |
| 995 ## - |
| -- |
SPECIAL COLLECTIONS |
| -- |
3575 |
| -- |
CBU-MAIN LIBRARY (Kitwe) |
| -- |
CTA(08)PGS/8F |
| -- |
6 |
| -- |
AVAILABLE |
| -- |
Jun 18, 2018 |
| -- |
Technical Centre for Agriculture and Rural Cooperation |
| -- |
B3575 |
| -- |
University Collection |
| 995 ## - |
| -- |
KAPASA MAKASA LIBRARY OPEN ACCESS |
| -- |
3573 |
| -- |
CBU-KAPASA MAKASA LIBRARY (Chinsali) |
| -- |
CTA(08)PGS/8D |
| -- |
4 |
| -- |
AVAILABLE |
| -- |
Jun 18, 2018 |
| -- |
Technical Centre for Agriculture and Rural Cooperation |
| -- |
B3573 |
| -- |
Kapasa Makasa Library Open Acess Collection |
| 999 ## - |
| -- |
77030 |
| -- |
77030 |